[Event "Cto. Autonómico por Equipos 2007"]
[Site "Aragón"]
[Date "2007.02.17"]
[Round "4.1"]
[White "Del Rey Diego"]
[Black "Lopez Gracia Fernando"]
[Result "0-1"]
[WhiteElo "2399"]
[BlackElo "2328"]

1.d4 Nf6 2.c4 e6 3.Nf3 Bb4+ 4.Nbd2 b6 5.g3 Bb7 6.Bg2 O-O 7.O-O Bxd2 8.Bxd2 Be4
9.b4 d6 10.Qa4 a5 11.bxa5 Nc6 12.Rfd1 Nxa5 13.Qb4 h6 14.Rac1 Nc6 15.Qb2 Ra4
16.a3 Qa8 17.Bc3 Na5 18.Bb4 Rb8 19.Rc3 Nc6 20.Bf1 Re8 21.Ne1 e5 22.d5 Nxb4 23.
axb4 Qa7 24.Rd2 Bg6 25.Bg2 Ra8 26.Rc1 Ra2 27.Qc3 Ra3 28.Qb2 Qa4 29.Rc3 Ra1 30.
Rc1 Rxc1 31.Qxc1 Qxb4 32.Rb2 Qc5 33.e3 Ra4 34.Bf1 Qa5 35.Rb5 Ra1 36.Rxa5 Rxc1
37.Ra8+ Kh7 38.Nf3 Bd3 39.Nd2 Bxf1 40.Nxf1 Rxc4 0-1

[Event "Cto. Autonómico por Equipos 2007"]
[Site "Aragón"]
[Date "2007.02.17"]
[Round "4.3"]
[White "Romon Poves Raul"]
[Black "Campos Hernandez Antonio"]
[Result "1/2-1/2"]
[WhiteElo "2225"]
[BlackElo "2263"]

1.d4 d5 2.c4 c6 3.Nc3 Nf6 4.e3 g6 5.Nf3 Bg7 6.Be2 dxc4 7.Bxc4 b5 8.Bd3 O-O 9.
O-O a6 10.a4 Bb7 11.e4 b4 12.Na2 a5 13.e5 Nd5 14.Be3 Nd7 15.Nc1 c5 16.Nb3 Rc8
17.Rc1 Nxe3 18.fxe3 Bh6 19.Qe2 Bd5 20.Nxc5 Nxc5 21.Rxc5 Rxc5 22.dxc5 Qc7 23.
Rc1 Rd8 24.Bb5 Bxf3 25.gxf3 Qxe5 26.f4 Qc7 27.c6 Bf8 28.Rd1 e6 29.Rxd8 Qxd8
30.Qd3 Qxd3 31.Bxd3 Bd6 32.Kg2 Kf8 33.Kf3 Ke7 34.h3 1/2-1/2

[Event "Cto. Autonómico por Equipos 2007"]
[Site "Aragón"]
[Date "2007.02.17"]
[Round "4.2"]
[White "Gomez Anadon Daniel"]
[Black "Fernandez Lopez Felix"]
[Result "1-0"]
[WhiteElo "2280"]
[BlackElo "2315"]

1.e4 g6 2.d4 Bg7 3.Nc3 Nc6 4.Be3 d5 5.Nxd5 e6 6.Nc3 Nxd4 7.Qd2 Nc6 8.Qxd8+
Kxd8 9.O-O-O+ Bd7 10.Nf3 h6 11.Bb5 Nge7 12.Rd2 Kc8 13.Rhd1 Be8 14.Bc5 Bf8 15.
Ne5 h5 16.f4 a6 17.Bxc6 Nxc6 18.Nxc6 bxc6 19.Rd8+ Kb7 20.Rxa8 1-0

[Event "Cto. Autonómico por Equipos 2007"]
[Site "Aragón"]
[Date "2007.02.17"]
[Round "4.4"]
[White "Gonzalvo Lara Victor"]
[Black "Palacios Latasa Elias"]
[Result "0-1"]
[WhiteElo "2156"]
[BlackElo "2195"]

1.e4 e5 2.Nf3 Nc6 3.Nc3 Nf6 4.d4 exd4 5.Nxd4 d6 6.Be2 Bd7 7.Be3 Be7 8.f3 O-O
9.Qd2 Nxd4 10.Bxd4 Be6 11.O-O-O c6 12.f4 Qa5 13.a3 b5 14.f5 Bc4 15.Kb1 Bxe2
16.Qxe2 b4 17.axb4 Qxb4 18.Na2 Qb7 19.Rd3 Rfe8 20.Rb3 Qc7 21.Qf3 Nd7 22.Qg4
Bf6 23.Bc3 a5 24.Re1 a4 25.Ra3 c5 26.Bxf6 Nxf6 27.Qh4 Qb7 28.Rae3 Reb8 29.b3
axb3 30.cxb3 Ra3 31.Qg3 Nxe4 32.Rxe4 Rxb3+ 33.Kc2 Rb2+ 34.Kc1 Rb1+ 35.Kd2 Qd5+
36.Ke3 Rxe1+ 37.Qxe1 Qxe4+ 0-1

[Event "Cto. Autonómico por Equipos 2007"]
[Site "Aragón"]
[Date "2007.02.17"]
[Round "4.17"]
[White "Cebrian Valverde Jose Antonio"]
[Black "Hernando Garcia Antonio"]
[Result "1/2-1/2"]
[WhiteElo "2205"]
[BlackElo "2209"]

1.d4 d5 2.c4 c6 3.Nf3 Nf6 4.Nc3 e6 5.Bg5 Be7 6.e3 Nbd7 7.Qc2 O-O 8.O-O-O Re8
9.g4 Nxg4 10.Bxe7 Qxe7 11.Rg1 1/2-1/2

[Event "Cto. Autonómico por Equipos 2007"]
[Site "Aragón"]
[Date "2007.02.17"]
[Round "4.18"]
[White "Chueca Forcen Alberto"]
[Black "Gimeno Oteo Marco Antonio"]
[Result "0-1"]
[WhiteElo "2156"]
[BlackElo "2110"]

1.d4 Nf6 2.c4 g6 3.Nc3 Bg7 4.e4 O-O 5.f4 d6 6.Nf3 c5 7.d5 e6 8.dxe6 Bxe6 9.Bd3
Nc6 10.O-O Bg4 11.h3 Bxf3 12.Qxf3 Nd4 13.Qf2 Ne8 14.f5 Be5 15.Bh6 Nf6 16.Bxf8
Qxf8 17.Qh4 Qg7 18.Nd5 g5 19.Nxf6+ Qxf6 20.Qg4 Kh8 21.Rab1 Nc6 22.b3 Bd4+ 23.
Kh1 Ne5 24.Qe2 g4 25.Bc2 Rg8 26.Rbd1 gxh3 27.g3 Rxg3 28.Qh5 Rg5 29.Qxh3 Rg4
30.Qh5 Rh4+ 31.Kg2 Rxh5 0-1

[Event "Cto. Autonómico por Equipos 2007"]
[Site "Aragón"]
[Date "2007.02.17"]
[Round "4.19"]
[White "Gutierrez Minguenza Ruben"]
[Black "Sarto Ramos Angel"]
[Result "1-0"]
[WhiteElo "2080"]
[BlackElo "2092"]

1.d4 d5 2.c4 c6 3.Nf3 Bg4 4.Ne5 Bf5 5.Nc3 e6 6.cxd5 exd5 7.e4 Be6 8.exd5 cxd5
9.Qb3 Qb6 10.Bb5+ Kd8 11.Qd1 Nc6 12.Nxc6+ bxc6 13.Be2 Nf6 14.O-O Bd6 15.Na4
Qc7 16.h3 Re8 17.Bg5 h6 18.Bxf6+ gxf6 19.Rc1 Rg8 20.Kh1 Qd7 21.Rc3 Kc7 22.Nc5
Bxc5 23.dxc5 Rab8 24.Qd2 Rg6 25.Qf4+ Kc8 26.Ba6+ Rb7 27.Rb3 d4 28.Rxb7 Qxb7
29.Bxb7+ Kxb7 30.Qxd4 Bd5 31.f3 f5 32.Re1 Be6 33.Re3 a5 34.Ra3 Bd5 35.Rxa5 Re6
36.Qb4+ 1-0

[Event "Cto. Autonómico por Equipos 2007"]
[Site "Aragón"]
[Date "2007.02.17"]
[Round "4.20"]
[White "Gimeno Royo Jose Andres"]
[Black "Baldellou Vicente Roberto"]
[Result "0-1"]
[WhiteElo "1785"]
[BlackElo "2033"]

1.d4 Nf6 2.Nf3 d5 3.e3 e6 4.Bd3 Nbd7 5.Nbd2 c5 6.c3 Be7 7.O-O O-O 8.Re1 Qc7 9.
e4 dxe4 10.Nxe4 Rd8 11.Bg5 b6 12.Nxf6+ Nxf6 13.Qe2 Bb7 14.Rad1 h6 15.Bxf6 Bxf6
16.dxc5 Qxc5 17.Be4 Bd5 18.Bxd5 Rxd5 19.Rxd5 Qxd5 20.Qe4 Rd8 21.Qxd5 Rxd5 22.
Kf1 b5 23.Re4 a5 24.Ke2 Kf8 25.Ke3 Ke7 26.Nd4 Kd6 27.f4 h5 28.b3 Kc5 29.Ne2
Rd1 30.b4+ Kb6 31.bxa5+ Kxa5 32.c4 Ra1 33.cxb5 Kxb5 0-1

[Event "Cto. Autonómico por Equipos 2007"]
[Site "Aragón"]
[Date "2007.02.17"]
[Round "4.57"]
[White "Leon Fernandez Mario"]
[Black "Hernandez Delgado Gabriel"]
[Result "0-1"]
[WhiteElo "2064"]
[BlackElo "2049"]

1.d4 d6 2.c4 e5 3.e4 Nc6 4.Ne2 f5 5.Nbc3 Nf6 6.Bg5 Be7 7.d5 Nb8 8.Bxf6 Bxf6 9.
exf5 Bxf5 10.Ng3 Bg6 11.Bd3 Bxd3 12.Qxd3 O-O 13.O-O Nd7 14.Nce4 Bh4 15.Ne2 Bg5
16.b4 Bh6 17.N2c3 Nf6 18.c5 Nxe4 19.Nxe4 Qd7 20.f3 Rad8 21.Rad1 Qa4 22.a3 Qd7
23.Rfe1 Rf5 24.g4 Rf4 25.g5 Rxe4 26.Rxe4 Bxg5 27.Qc4 Bf4 28.Kg2 Qf5 29.Qe2 Rf8
30.cxd6 cxd6 31.Rc4 Rf6 32.Kh1 Rh6 33.Rg1 Rxh2+ 34.Qxh2 Bxh2 35.Kxh2 g6 36.Rg3
Qd3 37.Rc8+ Kg7 38.Rc7+ Kf6 39.Rxb7 Qxa3 40.Rxh7 Qxb4 41.Rxa7 Qd2+ 42.Rg2 Qxd5
43.Raa2 g5 44.Rad2 Qe6 45.Rd1 d5 46.Rgd2 d4 47.Rg1 Qf5 48.Rgg2 Qf4+ 49.Kg1 Ke6
50.Rdf2 d3 51.Kh1 Kd5 52.Kg1 Qe3 53.Kh2 Qe1 54.Kh3 Kd4 55.Rg4+ Ke3 56.Rfg2
Qh1+ 57.Kg3 Qe1+ 58.Kh3 d2 0-1

[Event "Cto. Autonómico por Equipos 2007"]
[Site "Aragón"]
[Date "2007.02.17"]
[Round "4.58"]
[White "Labrador FM"]
[Black "Cebollada Pacheco Jesus Raul"]
[Result "0-1"]
[WhiteElo "2005"]
[BlackElo "2010"]

1.d4 Nf6 2.Nf3 g6 3.g3 Bg7 4.Bg2 O-O 5.c4 d6 6.Nc3 Nc6 7.O-O Bf5 8.Re1 Ne4 9.
Nxe4 Bxe4 10.e3 Na5 11.Qe2 c5 12.Bd2 Re8 13.Bc3 Nc6 14.Red1 Qc7 15.dxc5 dxc5
16.Bxg7 Kxg7 17.Bh3 Bxf3 18.Qxf3 e6 19.Qe2 Rad8 20.f4 Rxd1+ 21.Rxd1 Rd8 22.Bg2
Rxd1+ 23.Qxd1 Ne7 24.g4 b6 25.Qd3 Nc8 26.h4 Qd6 27.Qc3+ f6 28.Bf3 e5 29.fxe5
Qxe5 30.Qxe5 fxe5 31.Bd5 h6 32.Kf2 Kf6 33.Kf3 Nd6 34.b3 b5 35.a3 bxc4 36.bxc4
e4+ 37.Kg3 Ke5 38.Kh3 Ne8 39.Kg3 Nf6 40.Bf7 g5 41.hxg5 hxg5 42.Bg6 Nd7 43.Kf2
Kf6 44.Bxe4 Ne5 45.Bd5 Nxg4+ 46.Kf3 Nh6 47.Bb7 Ke5 48.Bc6 g4+ 49.Kf2 Nf5 0-1

[Event "Cto. Autonómico por Equipos 2007"]
[Site "Aragón"]
[Date "2007.02.17"]
[Round "4.59"]
[White "Quintin Navarro Alberto"]
[Black "Martin Barbero Roberto"]
[Result "1-0"]
[WhiteElo "1907"]
[BlackElo "1959"]

1.e4 d6 2.d4 Nf6 3.Nc3 g6 4.Be3 Bg7 5.f3 O-O 6.Qd2 e5 7.d5 c5 8.O-O-O Re8 9.
Bh6 Bh8 10.g4 a6 11.h4 b5 12.h5 Bxg4 13.fxg4 b4 14.Nb1 Nxe4 15.Qe3 Nf6 16.Be2
Qa5 17.hxg6 fxg6 18.g5 Nfd7 19.Rf1 Qxa2 20.Qf3 Nf6 21.gxf6 Kf7 22.Bg5 h6 23.
Rxh6 Nd7 24.Rh7+ Kg8 25.Rxh8+ Kxh8 26.Qh3+ 1-0

[Event "Cto. Autonómico por Equipos 2007"]
[Site "Aragón"]
[Date "2007.02.17"]
[Round "4.60"]
[White "Requena Munguira Jorge"]
[Black "Arregui Unotria Carlos"]
[Result "1-0"]
[WhiteElo "1855"]
[BlackElo "1827"]

1.d4 Nf6 2.Nf3 e6 3.c4 Bb4+ 4.Bd2 Qe7 5.a3 Bxd2+ 6.Nbxd2 b6 7.e3 Bb7 8.Bd3 O-O
9.O-O d6 10.b4 Nbd7 11.b5 c5 12.bxc6 Bxc6 13.a4 d5 14.Qb3 Rab8 15.Rfb1 Ne4 16.
Qc2 Nef6 17.a5 dxc4 18.Qxc4 Rfc8 19.Qb4 Qxb4 20.Rxb4 Nd5 21.Rbb1 b5 22.a6 Rb6
23.Ne4 Nc7 24.Nc3 Rcb8 25.Ra5 Nf6 26.Ne5 Be8 27.e4 Nd7 28.Nxd7 Bxd7 29.f3 h6
30.Kf2 Kf8 31.g3 Ke7 32.h4 g6 33.Ke3 Kf6 34.f4 h5 35.d5 exd5 36.exd5 b4 37.
Ne4+ Kg7 38.Kd4 Bc8 39.Nc5 Rd6 40.Bc4 Rbb6 41.Ra4 Bxa6 42.Nxa6 Nxa6 43.Bxa6
Rxa6 44.Rbxb4 Kf6 45.Kc5 Ke7 46.Rb7+ Ke8 47.Re4+ Kf8 48.Ree7 Rf6 49.Rxa7 Kg7
50.Rxa6 Rxa6 51.Rc7 Ra2 52.Kd6 Kf6 53.Kd7 Rd2 54.d6 Rd3 55.Rc6 Rxg3 56.Kc7 Rd3
57.Rc5 Rd4 58.d7 1-0

[Event "Cto. Autonómico por Equipos 2007"]
[Site "Aragón"]
[Date "2007.02.17"]
[Round "4.64"]
[White "Dominguez Castillo Alejandro"]
[Black "Aspas Aspas Mariano"]
[Result "1-0"]
[WhiteElo "1794"]
[BlackElo "1673"]

1.d4 Nf6 2.Nf3 g6 3.c4 Bg7 4.Nc3 d5 5.cxd5 Nxd5 6.g3 O-O 7.Bg2 Nxc3 8.bxc3 c5
9.O-O cxd4 10.cxd4 Nc6 11.e3 Be6 12.Qd2 Bd5 13.Ba3 Re8 14.Nh4 Bxg2 15.Nxg2 Rc8
16.Rab1 Qd7 17.Rfc1 Rc7 18.Ne1 Rec8 19.Rc2 b6 20.Rbc1 Na5 21.Rxc7 Rxc7 22.Rxc7
Qxc7 23.Bb4 Nc4 24.Qc2 b5 25.Nd3 e6 26.Nc5 Bf8 27.Qe4 Qc8 28.Bc3 a5 29.Qd3
Bxc5 30.dxc5 e5 31.Qd5 Qe8 32.c6 Nb6 33.Qxb5 Nc8 34.Qxe5 Ne7 35.Qh8# 1-0

[Event "Cto. Autonómico por Equipos 2007"]
[Site "Aragón"]
[Date "2007.02.17"]
[Round "4.63"]
[White "Lancis JJ"]
[Black "Bailo Remacha Santiago"]
[Result "0-1"]
[WhiteElo "1818"]
[BlackElo "2039"]

1.d4 Nf6 2.c4 g6 3.Nc3 b6 4.Bg5 Bg7 5.Nf3 Bb7 6.e3 O-O 7.g3 Ne4 8.Nxe4 Bxe4 9.
g4 f5 10.Bg2 h6 11.Bf4 g5 12.Be5 Bxe5 13.dxe5 fxg4 14.Nh4 Bxg2 15.Nxg2 Nc6 16.
Qxg4 Nxe5 17.Qe4 Nf3+ 18.Ke2 Qe8 19.Ne1 Nh4 20.Rg1 Qh5+ 21.Qg4 Qxg4+ 22.Rxg4
Rf5 23.Ng2 Nf3 24.Rd1 Raf8 25.Re4 Ne5 26.f4 gxf4 27.Nxf4 d6 28.Rg1+ Kh7 29.Rg2
c6 30.b4 Rg8 31.Rxg8 Kxg8 32.Nd3 Ng6 33.Nf4 Nxf4+ 34.Rxf4 Rxf4 35.exf4 Kg7 36.
Kf3 Kf6 37.Kg4 b5 38.cxb5 cxb5 39.h4 d5 40.Kf3 Kf5 41.Ke3 e6 0-1

[Event "Cto. Autonómico por Equipos 2007"]
[Site "Aragón"]
[Date "2007.02.17"]
[Round "4.62"]
[White "Lopez Guaita Fernando"]
[Black "Lara Pueyo Felix"]
[Result "1-0"]
[WhiteElo "2066"]
[BlackElo "1875"]

1.e4 e5 2.Nf3 d6 3.d4 Nd7 4.Bc4 Be7 5.O-O c6 6.c3 Ngf6 7.Qe2 O-O 8.Bb3 h6 9.
Nbd2 Re8 10.Re1 Bf8 11.Qd3 g5 12.Bc2 Bg7 13.Nf1 Nf8 14.dxe5 dxe5 15.Qxd8 Rxd8
16.Nxe5 Re8 17.Nc4 Ng6 18.Nd6 Re7 19.Nxc8 Rxc8 20.Ng3 Rce8 21.Nf5 Re6 22.Nxg7
Kxg7 23.f3 Nd5 24.Bd2 Nb6 25.b3 Nf4 26.c4 Nd7 27.Bc3+ Kg8 28.g3 Ng6 29.Rf1
Nge5 30.h3 c5 31.f4 gxf4 32.gxf4 Nc6 33.Rad1 Rg6+ 34.Kf2 Nf6 35.f5 1-0

[Event "Cto. Autonómico por Equipos 2007"]
[Site "Aragón"]
[Date "2007.02.17"]
[Round "4.61"]
[White "Peris Gerardo"]
[Black "Bayod Rubia Angel"]
[Result "0-1"]
[WhiteElo "1899"]
[BlackElo "2080"]

1.d4 Nf6 2.c4 c5 3.d5 e6 4.Nc3 exd5 5.cxd5 d6 6.Nf3 g6 7.Bg5 Bg7 8.Qd2 O-O 9.
e3 a6 10.a4 b6 11.Bd3 Bg4 12.Ng1 Re8 13.f3 Bc8 14.Nge2 Nbd7 15.f4 Qc7 16.O-O
Bb7 17.Bc2 Ng4 18.e4 f6 19.Bh4 Nf8 20.Rae1 Qd7 21.Nc1 b5 22.axb5 axb5 23.h3
Nh6 24.Bg3 Nf7 25.Nb3 b4 26.Nd1 Bh6 27.Ne3 Ba6 28.Bd3 Bxd3 29.Qxd3 Ra2 30.Nc4
Rea8 31.Nb6 c4 32.Qxc4 Qa7 33.Bf2 Rb8 34.Ra1 Rxa1 35.Rxa1 Qe7 36.Na5 Re8 37.
Qxb4 Qxe4 38.Qc3 Qxf4 39.Nc6 Re2 40.Rf1 Qg5 41.b4 Bg7 42.Qf3 Re8 43.Bd4 f5 44.
Bxg7 Kxg7 45.b5 Re3 46.Qf4 Rb3 47.Qd4+ Qf6 48.Qc4 Rc3 49.Qd4 Rc5 50.Rb1 Qxd4+
51.Nxd4 Ne5 52.Na8 Rxd5 53.Nc6 Nfd7 54.b6 Nxc6 55.b7 Ndb8 56.Nc7 Rd2 57.Rb6
Ra2 58.Nd5 Ra5 59.Nc7 d5 60.Rb2 d4 61.Ne6+ Kf6 62.Nc7 d3 63.Kf1 Ke5 64.Kf2 Kd4
0-1

[Event "Cto. Autonómico por Equipos 2007"]
[Site "Aragón"]
[Date "2007.02.17"]
[Round "4.9"]
[White "Ramiro Ovejero Juan Luis"]
[Black "Saldano Horacio"]
[Result "1/2-1/2"]
[WhiteElo "2299"]
[BlackElo "2422"]

1.e4 c5 2.Nf3 e6 3.d3 Nc6 4.g3 g6 5.Bg2 Bg7 6.O-O Nge7 7.c3 e5 8.a3 O-O 9.b4
d6 10.Bb2 Kh8 11.Nbd2 f5 12.Qb3 h6 13.Rfe1 Rb8 14.d4 fxe4 15.Nxe4 cxd4 16.cxd4
d5 17.Ned2 e4 18.Ne5 Qb6 19.Nxc6 bxc6 20.f3 Nf5 21.Kh1 Nxd4 22.Qe3 Kh7 23.Rac1
exf3 24.Nxf3 Nxf3 25.Bxg7 Qxe3 26.Rxe3 Kxg7 27.Bxf3 Bd7 28.Kg2 Rfe8 29.Kf2
Rxe3 30.Kxe3 a5 31.bxa5 Rb3+ 32.Kf2 Rxa3 33.Bxd5 cxd5 34.Rc7 Rxa5 35.Rxd7+ Kf6
36.Rd6+ Kg5 37.h4+ Kf5 38.g4+ Kxg4 39.Rxg6+ Kh5 40.Rd6 Ra2+ 41.Ke3 Rg2 42.
Rxd5+ Kxh4 43.Kf3 Rg3+ 44.Kf2 Rg4 45.Rd3 h5 46.Ra3 Rg8 47.Rb3 1/2-1/2

[Event "Cto. Autonómico por Equipos 2007"]
[Site "Aragón"]
[Date "2007.02.17"]
[Round "4.10"]
[White "Martinez Asensio Juan M"]
[Black "Guzman Moneo Alberto"]
[Result "1-0"]
[WhiteElo "2160"]
[BlackElo "2237"]

1.d4 Nf6 2.c4 c5 3.d5 b5 4.Nf3 g6 5.cxb5 a6 6.b6 Bg7 7.Nc3 O-O 8.e4 d6 9.a4
Qxb6 10.Nd2 a5 11.Be2 Na6 12.O-O Nb4 13.Nc4 Qd8 14.Bg5 h6 15.Bh4 Ba6 16.Ne3
Nd7 17.Bxa6 Rxa6 18.f4 Bd4 19.Bf2 Nb6 20.Qe2 Qc8 21.Rac1 Ra8 22.b3 Bg7 23.Nb5
Qd7 24.Nc4 Nxc4 25.bxc4 Rab8 26.Be1 Rfe8 27.f5 g5 28.Bc3 Rec8 29.Bxg7 Kxg7 30.
Rc3 f6 31.h4 Qe8 32.Rh3 Na6 33.Kf2 Qf7 34.Rfh1 Rh8 35.Ke3 Rb7 36.g4 Rbb8 37.
Qh2 h5 38.hxg5 fxg5 39.Rxh5 Rxh5 40.Qxh5 Qxh5 41.Rxh5 Kf6 42.e5+ Kxe5 43.Rh6
Nc7 44.Nxc7 Rb3+ 45.Kd2 Kf4 46.f6 exf6 47.Rxf6+ Kxg4 48.Rxd6 Rb4 49.Kc3 Rxa4
50.Ne6 Ra3+ 51.Kb2 Re3 52.Nxc5 Kf5 53.Re6 Rxe6 54.Nxe6 g4 55.Nd4+ Ke5 56.Ne2
Kd6 57.Ka3 Kc5 58.Ng3 1-0

[Event "Cto. Autonómico por Equipos 2007"]
[Site "Aragón"]
[Date "2007.02.17"]
[Round "4.11"]
[White "Alonso Fernandez Revuelta Rodri"]
[Black "Dominguez Bujeda Jesus"]
[Result "0-1"]
[WhiteElo "2184"]
[BlackElo "2088"]

1.e4 c5 2.Nf3 Nc6 3.d4 cxd4 4.Nxd4 g6 5.Bc4 Bg7 6.Be3 Nf6 7.Nc3 O-O 8.O-O Nxe4
9.Nxe4 d5 10.Nxc6 bxc6 11.Bd3 dxe4 12.Bxe4 Be6 13.Bxc6 Rc8 14.Qxd8 Rfxd8 15.
Rad1 Rxd1 16.Rxd1 Rxc6 17.Rd8+ Bf8 18.Bh6 Rc8 0-1

[Event "Cto. Autonómico por Equipos 2007"]
[Site "Aragón"]
[Date "2007.02.17"]
[Round "4.12"]
[White "Gil David"]
[Black "Montes Santos Lorenzo"]
[Result "0-1"]
[WhiteElo "1954"]
[BlackElo "2053"]

1.d4 Nf6 2.Nf3 c5 3.c3 b6 4.Bf4 d6 5.e3 g6 6.Be2 Bg7 7.h3 O-O 8.O-O Bb7 9.a4
Nbd7 10.a5 Re8 11.Nbd2 Qc7 12.Bh2 Ne4 13.Qa4 Nxd2 14.Nxd2 Qc6 15.Qxc6 Bxc6 16.
Rfd1 Nf6 17.Bf3 Bxf3 18.Nxf3 Ne4 19.Nd2 Nxd2 20.Rxd2 cxd4 21.exd4 b5 22.Bf4
Bf6 23.g4 a6 24.Re1 g5 25.Be3 Rec8 26.d5 Rc4 27.Red1 Rac8 28.Bd4 Kg7 29.Kg2
Ra4 30.Bb6 Ra2 31.Rc2 b4 32.Rdc1 bxc3 33.bxc3 Rxc2 34.Rxc2 Rxc3 35.Rd2 Rb3 36.
Rc2 Rc3 37.Re2 Kg6 38.Bd8 Rc5 39.Rd2 h5 40.Kf3 Rc3+ 41.Kg2 Rc4 42.Kf3 hxg4+
43.hxg4 Rf4+ 44.Kg3 Be5 45.Kh3 Bf6 46.Rc2 Rf3+ 47.Kg2 Rc3 48.Rxc3 Bxc3 49.Bxe7
Bxa5 50.Bxd6 Kf6 51.f4 gxf4 52.Kf3 Bd2 53.Bf8 Ke5 54.d6 Ke6 55.Ke4 a5 56.Kd3
Bb4 57.Kc4 Bxd6 58.Bh6 Ke5 0-1

[Event "Cto. Autonómico por Equipos 2007"]
[Site "Aragón"]
[Date "2007.02.17"]
[Round "4.29"]
[White "Llanes Luno Ricardo"]
[Black "Gonzalez Gambau Jorge"]
[Result "1-0"]
[WhiteElo "2225"]
[BlackElo "2020"]

1.e4 c6 2.d4 d5 3.e5 Bf5 4.g4 Be4 5.f3 Bg6 6.Ne2 e6 7.Ng3 h5 8.Bd3 Bxd3 9.Qxd3
hxg4 10.fxg4 Qh4 11.h3 c5 12.Bf4 Nc6 13.Nc3 c4 14.Qe3 Be7 15.Qf2 Bb4 16.a3 Ba5
17.Ne2 Qe7 18.O-O-O a6 19.Qf3 O-O-O 20.Rhf1 b5 21.Bd2 Rd7 22.Kb1 Bxc3 23.Nxc3
Nxd4 24.Qf2 Nc6 25.Qb6 Nb8 26.Na2 Rb7 27.Qe3 Nc6 28.Nb4 Nxb4 29.Bxb4 Qd7 30.
Qc5+ Rc7 31.Qf8+ Kb7 32.Qxg7 Rxh3 33.Qxg8 d4 34.Bd6 1-0

[Event "Cto. Autonómico por Equipos 2007"]
[Site "Aragón"]
[Date "2007.02.17"]
[Round "4.30"]
[White "Yanez Acin Gonzalo"]
[Black "Roche Simon Miguel Angel"]
[Result "0-1"]
[WhiteElo "2180"]
[BlackElo "1982"]

1.e4 c5 2.Nf3 Nc6 3.d4 cxd4 4.Nxd4 Nf6 5.Nc3 e6 6.Nxc6 bxc6 7.Bg5 Qb6 8.Bxf6
gxf6 9.Rb1 Bc5 10.Qd2 Qc7 11.Bd3 Rg8 12.O-O Qe5 13.Ne2 Qg5 14.Qxg5 fxg5 15.Ng3
a5 16.Rfe1 f6 17.e5 f5 18.Nh5 Ke7 19.Rbd1 f4 20.Rd2 g4 21.Nxf4 g3 22.hxg3 Rxg3
23.Kh2 Rg5 24.c3 d5 25.exd6+ Bxd6 26.g3 Bxf4 27.gxf4 Rh5+ 28.Kg1 Bd7 29.Re3
Rg8+ 30.Rg3 Rg6 31.Kg2 Rh4 32.Rxg6 hxg6 {irreproducible} 0-1

[Event "Cto. Autonómico por Equipos 2007"]
[Site "Aragón"]
[Date "2007.02.17"]
[Round "4.31"]
[White "Llanes Luno Pedro Alfredo"]
[Black "Abos Rosico Antonio"]
[Result "1-0"]
[WhiteElo "2154"]
[BlackElo "1957"]

1.e4 d6 2.d4 Nf6 3.Nc3 g6 4.Bg5 Nbd7 5.Qd2 c6 6.O-O-O Qc7 7.f4 Bg7 8.Nf3 b5 9.
e5 b4 10.Na4 Ne4 11.Qxb4 Rb8 12.Qe1 Nxg5 13.Nxg5 Nb6 14.Nc3 O-O 15.Bd3 Nd5 16.
Nxd5 cxd5 17.h4 Bg4 18.Nxh7 Kxh7 19.h5 Bh6 20.hxg6+ Kg7 21.Rxh6 Kxh6 22.Qh4+
Bh5 23.Qg5+ Kg7 24.gxf7+ Kxf7 25.Qxh5+ Ke6 26.Qg4+ Kf7 27.Bg6+ Kg7 28.Be8+ 1-0

[Event "Cto. Autonómico por Equipos 2007"]
[Site "Aragón"]
[Date "2007.02.17"]
[Round "4.32"]
[White "Perez Puyal Jose J"]
[Black "Naya Sancho Jose Ignacio"]
[Result "1/2-1/2"]
[WhiteElo "1866"]
[BlackElo "2068"]

1.e4 g6 2.d4 Bg7 3.Nc3 c5 4.Nf3 cxd4 5.Nxd4 Nc6 6.Be3 Nf6 7.Be2 O-O 8.Qd2 d5
9.Nxc6 bxc6 10.f3 Qa5 11.O-O Rd8 12.Rad1 d4 13.Nb1 Qb6 14.c3 e5 15.Bf2 Be6 16.
b3 Rd7 17.Qc1 c5 18.Na3 Rad8 19.Bb5 Rc7 20.Bc4 Rcd7 21.Rd3 Nh5 22.g3 Qa5 23.
Bxe6 fxe6 24.Rfd1 Rf7 25.Kg2 Nf6 26.Qb2 Qc7 27.Nc4 Rdf8 28.Bg1 Rd7 29.Qc1 Ne8
30.Qc2 Nd6 31.Nxd6 Qxd6 1/2-1/2

[Event "Cto. Autonómico por Equipos 2007"]
[Site "Aragón"]
[Date "2007.02.17"]
[Round "4.13"]
[White "Glavina Rossi Pablo"]
[Black "Baron Rodriguez Jesus"]
[Result "1-0"]
[WhiteElo "2452"]
[BlackElo "2422"]

1.d4 d5 2.Nf3 Nf6 3.c4 e6 4.g3 dxc4 5.Bg2 Nc6 6.O-O a6 7.a4 Bb4 8.a5 O-O 9.Qa4
Qe7 10.Bd2 Bd7 11.Ne5 Bxd2 12.Nxc6 bxc6 13.Nxd2 Rab8 14.Qxc4 c5 15.Qxa6 cxd4
16.Qa7 Qb4 17.Nf3 c5 18.Ne5 Bb5 19.Rfc1 Nd5 20.Qxc5 Qxc5 21.Rxc5 Bxe2 22.a6
Ra8 23.a7 Rfd8 24.Nc6 d3 25.Nxd8 d2 26.Nc6 Kf8 27.Bxd5 1-0

[Event "Cto. Autonómico por Equipos 2007"]
[Site "Aragón"]
[Date "2007.02.17"]
[Round "4.14"]
[White "Antoli Royo Joaquin Miguel"]
[Black "Gimenez Martinez Alberto"]
[Result "1-0"]
[WhiteElo "2304"]
[BlackElo "2066"]

1.d4 Nf6 2.Bg5 e6 3.e4 h6 4.Bxf6 Qxf6 5.Nc3 d6 6.Nge2 Nc6 7.f4 Bd7 8.Qd2 g5 9.
e5 Qg6 10.g3 Nb4 11.O-O-O Bc6 12.Rg1 O-O-O 13.a3 Nd5 14.Nxd5 Bxd5 15.Qa5 Kb8
16.Nc3 b6 17.Qa4 dxe5 18.fxe5 c6 19.Bd3 Qh5 20.Nxd5 cxd5 21.g4 Qxh2 22.Ba6 f5
23.Rgf1 f4 24.Rf3 Rh7 25.Rc3 Rc7 26.Rxc7 Kxc7 27.Kb1 f3 28.Rd3 f2 29.Rc3+ Bc5
30.dxc5 Qg1+ 31.Ka2 f1=Q 32.cxb6+ 1-0

[Event "Cto. Autonómico por Equipos 2007"]
[Site "Aragón"]
[Date "2007.02.17"]
[Round "4.15"]
[White "Labena Bernal Antonio"]
[Black "Aguirre Izaguirre Pedro Jose"]
[Result "1/2-1/2"]
[WhiteElo "2268"]
[BlackElo "2037"]

1.e4 g6 2.d4 Bg7 3.Nc3 c6 4.f4 d5 5.e5 h5 6.Nf3 Bg4 7.h3 Bxf3 8.Qxf3 e6 9.Bd3
Nh6 10.O-O h4 11.Ne2 Nf5 12.b3 Bf8 13.Bb2 Nd7 14.Rfd1 Qb6 15.Qf2 Be7 16.a4 a5
17.Bc1 Kf8 18.Be3 Kg7 19.c4 Rhd8 20.Rdb1 Nf8 21.c5 Qc7 22.b4 b6 23.cxb6 Qxb6
24.Bxf5 exf5 25.b5 Ne6 26.bxc6 Qxc6 27.Rc1 Qa6 28.Nc3 Qd3 29.Nb5 Rdc8 30.Qd2
Qb3 31.Rcb1 Qc2 32.Rc1 Qb3 33.Rcb1 1/2-1/2

[Event "Cto. Autonómico por Equipos 2007"]
[Site "Aragón"]
[Date "2007.02.17"]
[Round "4.16"]
[White "Glaria Murillo Christian"]
[Black "Ananos Palacios David"]
[Result "1/2-1/2"]
[WhiteElo "2202"]
[BlackElo "2009"]

1.e4 c5 2.Nc3 d6 3.f4 g6 4.Nf3 Bg7 5.Bb5+ Bd7 6.Bc4 Nc6 7.O-O e6 8.d3 Nge7 9.
Qe1 a6 10.a4 Nd4 11.Nxd4 cxd4 12.Ne2 O-O 13.Qf2 b5 14.axb5 axb5 15.Rxa8 Qxa8
16.Bb3 Nc6 17.f5 exf5 18.exf5 Bxf5 19.Bd5 Be6 20.Bxc6 Qxc6 21.Nxd4 Bxd4 22.
Qxd4 Qc5 23.Be3 Qxd4 24.Bxd4 Rc8 25.c3 Bf5 26.Rf3 Kf8 27.Re3 Be6 1/2-1/2

[Event "Cto. Autonómico por Equipos 2007"]
[Site "Aragón"]
[Date "2007.02.17"]
[Round "4.49"]
[White "Gracia Suarez Jesus"]
[Black "Garcia Ramon Ricardo1"]
[Result "0-1"]
[WhiteElo "2129"]
[BlackElo "2099"]

1.e4 c6 2.Nf3 d5 3.Nc3 Bg4 4.h3 Bxf3 5.Qxf3 e6 6.d4 Bb4 7.Bd3 dxe4 8.Bxe4 Nf6
9.Bg5 Qxd4 10.Rd1 Bxc3+ 11.bxc3 Qe5 12.Bxf6 Qxf6 13.Qd3 h6 14.O-O O-O 15.Bf3
Na6 16.Qe3 Rfd8 17.Rxd8+ Qxd8 18.Rd1 Qb6 19.Qd3 Qc7 20.Qc4 Rc8 21.Qd4 Ra8 22.
Be2 Qb6 23.Qd7 Nc5 24.Qe7 Ne4 25.Rd4 Nxc3 26.Rd7 Nxe2+ 27.Kf1 Qb1+ 28.Kxe2
Qxc2+ 29.Kf3 Rf8 30.g4 Qxa2 31.Rxb7 Qd5+ 32.Kg3 Qe5+ 33.Kg2 a5 34.h4 Qf4 35.f3
Qd2+ 36.Kg3 a4 37.g5 hxg5 38.hxg5 Qe1+ 39.Kg4 Qe5 40.Ra7 Qf5+ 41.Kg3 Qe5+ 42.
f4 Qf5 43.Rxa4 Rb8 44.Qa3 e5 45.Qf3 Qc2 46.Ra3 exf4+ 47.Qxf4 Rb3+ 48.Rxb3
Qxb3+ 49.Kh4 c5 50.Qc7 Qd5 51.Qc8+ Kh7 52.Qh3 g6 0-1

[Event "Cto. Autonómico por Equipos 2007"]
[Site "Aragón"]
[Date "2007.02.17"]
[Round "4.50"]
[White "Forcen Esteban Daniel"]
[Black "Glaria Tevar Salvador"]
[Result "1-0"]
[WhiteElo "2083"]
[BlackElo "1936"]

1.e4 d6 2.f4 g6 3.Nf3 Bg7 4.Nc3 Nf6 5.d4 O-O 6.Be3 b6 7.e5 Nfd7 8.Bc4 Ba6 9.
Bb3 e6 10.d5 dxe5 11.dxe6 exf4 12.Bxf4 fxe6 13.Be3 Qe7 14.Ng5 Nc5 15.Qg4 Nxb3
16.axb3 Rf5 17.O-O-O Nd7 18.Kb1 Raf8 19.Rhe1 Nf6 20.Qh4 Bh8 21.Bc1 Bc8 22.Ne2
c5 23.Nc3 a6 24.g4 Rxg5 25.Bxg5 Qc7 26.Rf1 Nd7 27.Rxf8+ Nxf8 28.Bd8 Qe5 29.
Bxb6 Bf6 30.g5 Bxg5 31.Qe4 Qf6 32.Bxc5 Nd7 33.Qa8 Qd8 34.Ne4 Bh4 35.Ba3 Qc7
36.Nd6 Nb6 37.Qf3 Qd8 38.Qg4 Bf6 39.Ne4 1-0

[Event "Cto. Autonómico por Equipos 2007"]
[Site "Aragón"]
[Date "2007.02.17"]
[Round "4.51"]
[White "Serrano San Nicolas Angel"]
[Black "Antolin Concha Diego"]
[Result "1/2-1/2"]
[WhiteElo "1805"]
[BlackElo "1954"]

1.f4 c5 2.Nf3 Nc6 3.e3 g6 4.b3 Bg7 5.Nc3 Nf6 6.Bb2 O-O 7.Be2 a6 8.a4 d5 9.Qc1
Bf5 10.O-O d4 11.Nd1 Nd5 12.Nh4 Bc8 13.g3 e5 14.Ng2 Bh3 15.e4 Nde7 16.fxe5
Nxe5 17.d3 a5 18.Nf2 Bxg2 19.Kxg2 h5 20.Qg5 N7c6 21.Bc1 Qxg5 22.Bxg5 Nb4 23.
Rac1 Rae8 24.Bd2 Nec6 25.h4 Na2 26.Rce1 Nc3 27.Bxc3 dxc3 28.Nh3 Nd4 29.Bd1 Bh6
30.Rf6 Re6 31.Ref1 Kg7 32.Rxe6 fxe6 33.Ng1 Rxf1 34.Kxf1 Kf6 35.Ne2 Bd2 36.Nxd4
cxd4 37.Kf2 Ke5 38.Bf3 b6 39.Kf1 Bh6 40.Kf2 Be3+ 41.Kf1 Bh6 42.Kf2 Bf8 43.Be2
Be7 44.Bf3 Kd6 45.Ke2 e5 46.Kd1 Bf8 47.Be2 Kc5 48.Bf1 Kb4 49.Be2 Bh6 50.g4
hxg4 51.Bxg4 1/2-1/2